000 00491nam a2200169Ia 4500
008 151021s9999 xx 000 0 und d
020 _a782123813
050 _aTK5105.5.L35 2001
245 _a_CCNA Cisco Certified Network Associate study guide Todd Lammle
260 _aSan francisco Network press 1999
300 _axxxiii,729p.
500 _aInclude index
500 _aInclude index
650 _a_Cisco
700 _a_Porter,Donald
980 _a^d20120830 04:24:09^okorir
999 _c12729
_d12729